000 00530cam a2200145 4500500
005 20251012020216.0
041 _afre
042 _adc
100 1 0 _aBadré, Michel
_eauthor
245 0 0 _aConfiance du public et conduite de grands projets d’infrastructures
260 _c2015.
500 _a58
786 0 _nPCM – Pour Construire un Monde durable | 875 | 7 | 2015-12-07 | p. 50-53 | 1958-7198
856 4 1 _uhttps://shs.cairn.info/revue-pcm-pour-construire-un-monde-durable-2015-7-page-50?lang=fr&redirect-ssocas=7080
999 _c1534529
_d1534529